00319nam a2200121 a 4500008004100000020001500041050002000056100001300076245002800089246004900117260002200166350000900188120416s1997 ||||||||||||||||| || u a0750624272 aHF 5415.153 Jon aJones, T10aNew product development aan introduction to a multifunctional process aOxfordbB-Hc1997 a0.00